00539nam a22001817a 450000500170000001000150001702000260003202000230005803500130008103700130009408200110010710000230011824500740014126000400021527000560025530000260031150000200033720150415124530.0 aENG-112475 a9789339219116c525.00 a9339219112c525.00 aEN-96007 bDBAD/PUB a658.83 aVenugopal, Pingali aMarketing research : cby Pingali Venugopal ba user's perspective /  aNoida bMcGraw Hill Educationc2015 aB-4, Sector-63, Gautam Budh Nagar, bNoida e201301 axvii,261p.c24cm(pbk) aIncludes index